|
|
|
|
| LEADER |
01498nam a22003732a 4500 |
| 001 |
001135396 |
| 003 |
CZ BrMZK |
| 005 |
20110117061506.0 |
| 007 |
ta |
| 008 |
110117s1982 xr a er|||||||||||cze d |
| 015 |
|
|
|a cnb000404894
|
| 035 |
|
|
|a (OCoLC)42180372
|
| 040 |
|
|
|a ABA001
|b cze
|c ABA001
|d ABA001
|
| 080 |
9 |
|
|a 691.32
|
| 080 |
9 |
|
|a 624.012.4(075.8)
|
| 100 |
1 |
|
|a Gartner, Otakar
|7 jn19981001323
|4 aut
|
| 245 |
1 |
0 |
|a Technologie betonu :
|b přehled zásad a příklady : určeno pro posl. fak. stavební /
|c Otakar Gartner, Radovan Kuda
|
| 250 |
|
|
|a 4., dopln. vyd.
|
| 260 |
|
|
|a Brno :
|b VUT,
|c 1982
|
| 300 |
|
|
|a 105 s. :
|b obr., tb. ;
|c 29 cm
|
| 490 |
1 |
|
|a Učební texty vys. škol
|
| 500 |
|
|
|a Pozn.
|
| 500 |
|
|
|a 800 výt.
|
| 504 |
|
|
|a Obsahuje bibliografii
|
| 700 |
1 |
|
|a Kuda, Radovan
|7 jx20040801015
|4 aut
|
| 830 |
|
0 |
|a Učební texty vysokých škol
|
| 910 |
|
|
|a BOA001
|b TK-A-0161.728-82
|
| 990 |
|
|
|a BK
|
| 991 |
|
|
|b 201101
|
| 996 |
6 |
|
|b BC-927446
|c TK-A-0161.728-82
|l MZK
|r Sklad / do 24 hodin
|n 0
|w 001164921
|u 000010
|a 1
|e BOA001
|j MZK50
|s P
|
| 996 |
6 |
|
|b BC-927447
|c TK-A-0161.728-82
|l MZK
|r Sklad / do 24 hodin
|n 0
|w 001164921
|u 000020
|a 1
|e BOA001
|j MZK50
|s P
|
| 996 |
6 |
|
|b BC-927448
|c TK-A-0161.728-82
|l MZK
|r Sklad / do 24 hodin
|n 0
|w 001164921
|u 000030
|a 1
|e BOA001
|j MZK50
|s P
|
| 996 |
6 |
|
|b BC-927449
|c TK-A-0161.728-82
|l MZK
|r Sklad / do 24 hodin
|n 0
|w 001164921
|u 000040
|a 1
|e BOA001
|j MZK50
|s P
|
| 996 |
6 |
|
|b BC-927450
|c TK-A-0161.728-82
|l MZK
|r Sklad / do 24 hodin
|n 0
|w 001164921
|u 000050
|a 1
|e BOA001
|j MZK50
|s P
|